Aur Babasaheb Ambedkar ne kaha. 6V (Record no. 309105)
[ view plain ]
| 000 -LEADER | |
|---|---|
| fixed length control field | 00611 a2200229 4500 |
| 005 - DATE & TIME | |
| control field | 20240710154311.0 |
| 008 - FIXED-LENGTH DATA ELEMENTS--GENERAL INFORMATION | |
| fixed length control field | 240710b |||||||| |||| 00| 0 eng d |
| 020 ## - ISBN | |
| International Standard Book Number | 9788183612050 |
| Price | Rs. 5550.00 |
| 040 ## - CATALOGING SOURCE | |
| Original cataloging agency | VIVEKANANDA LIBRARY |
| 082 ## - DDC NUMBER | |
| Classification number | B |
| Book Number | A16A |
| 100 ## - MAIN ENTRY--PERSONAL NAME | |
| Personal name | Ambedkar, Bheemrao Ramji |
| 245 ## - TITLE STATEMENT | |
| Title | Aur Babasaheb Ambedkar ne kaha. 6V |
| 260 ## - PUBLICATION, DISTRIBUTION, ETC. (IMPRINT) | |
| Name of publisher, distributor, etc | Radhakrishan Prakashan |
| Date of publication, distribution, etc | 2023 |
| Place of publication, distribution, etc | Delhi |
| 300 ## - PHYSICAL DESCRIPTION | |
| Pages | 258 |
| 650 ## - Subject | |
| Subject | Biography-Ambedkar, B R |
| 650 ## - Subject | |
| Subject | Sociolist Ideology |
| 650 ## - Subject | |
| Subject | Congress Party |
| 650 ## - Subject | |
| Subject | Education |
| 650 ## - Subject | |
| Subject | Indian Revolution |
| 650 ## - Subject | |
| Subject | Hinduism-Buddhism |
| 942 ## - ADDED ENTRY ELEMENTS (KOHA) | |
| Koha item type | Books |
| Withdrawn status | Lost status | Source of classification or shelving scheme | Damaged status | Not for loan | Location (home branch) | Sublocation or collection (holding branch) | Shelving location | Date acquired | Koha issues (times borrowed) | Koha full call number | Accession No. | Koha date last seen | Copy number | Koha item type |
|---|---|---|---|---|---|---|---|---|---|---|---|---|---|---|
| Dewey Decimal Classification | VIVEKANANDA LIBRARY | VIVEKANANDA LIBRARY | Vivekananda Library | 18/01/2024 | 1 | B A16A | 408802 | 25/02/2026 | V1 | Books | ||||
| Dewey Decimal Classification | VIVEKANANDA LIBRARY | VIVEKANANDA LIBRARY | Vivekananda Library | 10/07/2024 | 2 | B A16A | 408803 | 24/04/2026 | V2 | Books | ||||
| Dewey Decimal Classification | VIVEKANANDA LIBRARY | VIVEKANANDA LIBRARY | Vivekananda Library | 10/07/2024 | B A16A | 408804 | 10/07/2024 | V3 | Books | |||||
| Dewey Decimal Classification | VIVEKANANDA LIBRARY | VIVEKANANDA LIBRARY | Vivekananda Library | 10/07/2024 | B A16A | 408805 | 10/07/2024 | V4 | Books | |||||
| Dewey Decimal Classification | VIVEKANANDA LIBRARY | VIVEKANANDA LIBRARY | Vivekananda Library | 10/07/2024 | B A16A | 408806 | 10/07/2024 | V5 | Books | |||||
| Dewey Decimal Classification | VIVEKANANDA LIBRARY | VIVEKANANDA LIBRARY | Vivekananda Library | 10/07/2024 | B A16A | 408807 | 10/07/2024 | V6 | Books |
